Analizador de categorias de abonados telefónicos, diseño e implementación de la tarjeta de interface con el computador y tarjeta de control de tráfico
Kaydedildi:
| Yazar: | |
|---|---|
| Diğer Yazarlar: | |
| Materyal Türü: | Kitap |
| Baskı/Yayın Bilgisi: |
San José, Costa Rica
1993
|
| Konular: | |
| Etiketler: |
Etiketle
Etiket eklenmemiş, İlk siz ekleyin!
|
MARC
| LEADER | 00000nam a2200000Ia 4500 | ||
|---|---|---|---|
| 003 | 005581 | ||
| 005 | 20221231144318.0 | ||
| 008 | 140114s1993 cr a m 000 ||s d | ||
| 040 | |c cru CEDI | ||
| 090 | |a TFG 2688 | ||
| 100 | |a Quirós Rojas, Jorge Eduardo |9 12188 | ||
| 245 | |a Analizador de categorias de abonados telefónicos, diseño e implementación de la tarjeta de interface con el computador y tarjeta de control de tráfico | ||
| 260 | |c 1993 |a San José, Costa Rica | ||
| 300 | |a xii, 91 hojas : ilustraciones ; 27 cm | ||
| 500 | |a Proyecto de graduacion (bachillerato en ingenieria electrica)--Universidad de Costa Rica. Facultad de Ingenieria. Escuela de Ingenieria Electrica | ||
| 650 | |x CONMUTACION (TELECOMUNICACIONES) |x CENTRALES TELEFONICAS - SISTEMAS DE COMUNICACION |x CIRCUITOS DE INTERFAZ - DISEÑO |9 12190 | ||
| 700 | |9 12189 |a Alfaro Abarca, Esau | ||
| 942 | |c TFG | ||
| 999 | |c 19983 |d 19983 | ||
